<?xml version="1.0" encoding="UTF-8"?><?xml-stylesheet type="text/xsl" href="static/style.xsl"?><OAI-PMH xmlns="http://www.openarchives.org/OAI/2.0/" xmlns:xsi="http://www.w3.org/2001/XMLSchema-instance" xsi:schemaLocation="http://www.openarchives.org/OAI/2.0/ http://www.openarchives.org/OAI/2.0/OAI-PMH.xsd"><responseDate>2026-06-04T02:59:01Z</responseDate><request verb="GetRecord" identifier="oai:riubu.ubu.es:10259/11788" metadataPrefix="marc">https://riubu.ubu.es/oai/request</request><GetRecord><record><header><identifier>oai:riubu.ubu.es:10259/11788</identifier><datestamp>2026-06-04T00:05:32Z</datestamp><setSpec>com_10259_4839</setSpec><setSpec>com_10259_5086</setSpec><setSpec>com_10259_2604</setSpec><setSpec>col_10259_4840</setSpec></header><metadata><record xmlns="http://www.loc.gov/MARC21/slim" xmlns:doc="http://www.lyncode.com/xoai" xmlns:xsi="http://www.w3.org/2001/XMLSchema-instance" xmlns:dcterms="http://purl.org/dc/terms/" xsi:schemaLocation="http://www.loc.gov/MARC21/slim http://www.loc.gov/standards/marcxml/schema/MARC21slim.xsd">
<leader>00925njm 22002777a 4500</leader>
<datafield tag="042" ind1=" " ind2=" ">
<subfield code="a">dc</subfield>
</datafield>
<datafield tag="720" ind1=" " ind2=" ">
<subfield code="a">García Delgado, Miguel Ángel</subfield>
<subfield code="e">author</subfield>
</datafield>
<datafield tag="720" ind1=" " ind2=" ">
<subfield code="a">Rodríguez Cano, Sonia</subfield>
<subfield code="e">author</subfield>
</datafield>
<datafield tag="720" ind1=" " ind2=" ">
<subfield code="a">Delgado Benito, Vanesa</subfield>
<subfield code="e">author</subfield>
</datafield>
<datafield tag="720" ind1=" " ind2=" ">
<subfield code="a">Lozano Álvarez, María</subfield>
<subfield code="e">author</subfield>
</datafield>
<datafield tag="260" ind1=" " ind2=" ">
<subfield code="c">2023-04</subfield>
</datafield>
<datafield tag="520" ind1=" " ind2=" ">
<subfield code="a">The new educational reality requires teachers to have a series of skills and competences that&#xd;
allow them to improve the teaching–learning process and therefore the quality of teaching, integrating&#xd;
technology and emerging technologies. In order to assess the competence level of teachers, a descriptive&#xd;
study was designed, in which 101 teachers from different stages and geographical locations&#xd;
in Spain took part and were administered the DigCompEdu Check-in questionnaire. The results&#xd;
show average levels of teachers’ digital competence (B1 and B2, particularly), and an incipient use of&#xd;
emerging technologies by teachers, with less than 50% of the sample not using these technologies in&#xd;
their daily classroom activities, although those who show a higher level of digital competence are&#xd;
also those who integrate them more in their daily work. The results correspond with similar studies,&#xd;
corroborating the average level of teachers’ digital skills</subfield>
</datafield>
<datafield tag="024" ind2=" " ind1="8">
<subfield code="a">https://hdl.handle.net/10259/11788</subfield>
</datafield>
<datafield tag="024" ind2=" " ind1="8">
<subfield code="a">10.3390/fi15040140</subfield>
</datafield>
<datafield tag="024" ind2=" " ind1="8">
<subfield code="a">1999-5903</subfield>
</datafield>
<datafield ind1=" " ind2=" " tag="653">
<subfield code="a">Teachers</subfield>
</datafield>
<datafield ind1=" " ind2=" " tag="653">
<subfield code="a">Virtual reality</subfield>
</datafield>
<datafield ind1=" " ind2=" " tag="653">
<subfield code="a">Augmented reality</subfield>
</datafield>
<datafield ind1=" " ind2=" " tag="653">
<subfield code="a">Mixed reality</subfield>
</datafield>
<datafield ind1=" " ind2=" " tag="653">
<subfield code="a">Digital competence</subfield>
</datafield>
<datafield tag="245" ind1="0" ind2="0">
<subfield code="a">Emerging Technologies and Their Link to Digital Competence in Teaching</subfield>
</datafield>
</record></metadata></record></GetRecord></OAI-PMH>